000 02153cam a2200169 4500500
005 20260426020110.0
041 _afre
042 _adc
100 1 0 _aFabre, Nicole
_eauthor
245 0 0 _aIntermède
260 _c2005.
500 _a97
520 _aUne petite fille vient de très loin consulter la thérapeute qui va être amenée à transgresser ou transformer plusieurs des règles thérapeutiques dites « orthodoxes ». Notamment en prenant en charge par des entretiens individuels la mère de la petite Emma car comme sa fille aujourd’hui, cette jeune femme fut une « petite fille qui tuait ses parents dans sa tête », surtout sa mère. C’est à cette condition et grâce à la mise en actes des fantasmes par des rêves-éveillés agis, qu’Emma pût se détacher de la répétition du passé de ses parents et surtout de celui de sa mère qui la tenait prisonnière. A travers l’analyse du transfert et de son contre-transfert, la thérapeute s’interroge : est-elle passée à l’acte en dérogeant aux règles édictées par la psychanalyse orthodoxe, y compris sa propre orthodoxie ?
520 _aThe small girl who killed her parents in her own head. Fantasies and acting out A small girl comes from far away to consult the therapist who will in turn be lead to transgress or transform many so called « orthodox » therapeutic rules, mainly through individual meetings with the mother of little Emma. As her daughter today, this young woman used to be a « small girl who killed her parents in her own head », above all her mother. This, and the fantasies acted out through awakened dreams, helped Emma break away from the repetition of the past of her parents, above all her mother’s, that held her imprisoned. Through the analysis of transference and countertransference, the therapist is wondering if this was acting out of the orthodox psychoanalysis practice, including her own orthodoxy ?
786 0 _nImaginaire & Inconscient | 16 | 2 | 2005-11-01 | p. 165-166 | 1628-9676
856 4 1 _uhttps://shs.cairn.info/revue-imaginaire-et-inconscient-2005-2-page-165?lang=fr&redirect-ssocas=7080
999 _c2225435
_d2225435